Statistics for Biggest US Cities with the Same Names

Click here to take the quiz!

General Stats

  • This quiz has been taken 237 times
  • The average score is 7 of 10

Answer Stats

City 1City 2City 3US City% Correct
167,000154,000117,000Springfield(MO / MA / IL)
88%
475,000151,000xKansas City(MO / KS)
86%
850,000201,000xColumbus(OH / GA)
83%
359,000201,000xAurora(CO / IL)
77%
220,000110,000xRichmond(VA / CA)
74%
134,000119,000xColumbia(SC / MO)
73%
210,000112,000xRochester(NY / MN)
73%
248,000201,000xGlendale(AZ / CA)
63%
171,000115,000xPeoria(AZ / IL)
58%
154,000142,000xPasadena(TX / CA)
46%

Score Distribution

Percentile by Number Answered

Percent of People with Each Score

Your Score History

You have not taken this quiz